[Event "47. Camp. Ital. Squadre A1/2"]
[Site "Folgaria"]
[Date "2015.03.29"]
[Round "5.1"]
[White "Vezzosi, Paolo"]
[Black "Moncher, Stefano"]
[Result "1-0"]
[WhiteElo "2330"]
[BlackElo "2211"]
[Annotator "Club 64-Trentina"]
[PlyCount "91"]
[EventDate "2015.03.??"]

1. d4 Nf6 2. Nf3 g6 3. c4 Bg7 4. Nc3 O-O 5. e4 d6 6. Be2 e5 7. d5 a5 8. Bg5 h6
9. Bh4 Na6 10. Nd2 Qe8 11. a3 Bd7 12. b3 Nh7 13. O-O h5 14. f3 Bh6 15. Bf2 Qe7
16. Rb1 Qg5 17. f4 exf4 18. Nf3 Qe7 19. b4 axb4 20. axb4 Bg7 21. Bd4 Ng5 22.
Nxg5 Qxg5 23. Bxg7 Kxg7 24. Qd2 Qe5 25. Rxf4 f5 26. h4 Rf6 27. Bf3 Re8 28. Ne2
Rf7 29. Nd4 Ree7 30. exf5 Bxf5 31. Rf1 Bc8 32. Rxf7+ Rxf7 33. Re1 Qf6 34. Ne6+
Kg8 35. b5 Nc5 36. Nxc5 dxc5 37. d6 Kg7 38. Re8 Bf5 39. Bxb7 cxd6 40. Bd5 Ra7
41. b6 Ra1+ 42. Re1 Ra3 43. b7 Rb3 44. Qg5 Qxg5 45. hxg5 Kf8 46. Ra1 1-0

[Event "47. Camp. Ital. Squadre A1/2"]
[Site "Folgaria"]
[Date "2015.03.29"]
[Round "5.2"]
[White "Basso, Pier Luigi"]
[Black "Sgaravatti, Francesco"]
[Result "1-0"]
[WhiteElo "2382"]
[BlackElo "2212"]
[Annotator "Canal-Vergani"]
[PlyCount "63"]
[EventDate "2015.03.??"]

1. c4 f5 2. g3 Nf6 3. d4 g6 4. Bg2 Bg7 5. Nc3 O-O 6. Nf3 d6 7. d5 c5 8. O-O Na6
9. Re1 Rb8 10. e4 Nxe4 11. Nxe4 fxe4 12. Rxe4 Bf5 13. Rh4 Nc7 14. Bh6 Bxb2 15.
Ng5 Bf6 16. g4 e5 17. Qd2 Bd7 18. Nxh7 Bxh4 19. Nxf8 Bxg4 20. Nxg6 Bf6 21. Be4
Kf7 22. Kh1 b5 23. f3 Bh5 24. Rg1 bxc4 25. Qg2 Qd7 26. Nf8 Rxf8 27. Bg6+ Ke7
28. Bxf8+ Kxf8 29. Bxh5 Qg7 30. Qh3 Qe7 31. Qc8+ Qd8 32. Qf5 1-0

[Event "47. Camp. Ital. Squadre A1/2"]
[Site "Folgaria"]
[Date "2015.03.29"]
[Round "5.2"]
[White "Dappiano, Andrea"]
[Black "Scalcione, Michelangelo"]
[Result "0-1"]
[WhiteElo "2246"]
[BlackElo "2321"]
[Annotator "Club 64-Trentina"]
[PlyCount "96"]
[EventDate "2015.03.??"]

1. e4 d6 2. d4 Nf6 3. Nc3 c6 4. f4 Qa5 5. e5 Ne4 6. Qf3 Nxc3 7. Bd2 Bf5 8. Bxc3
Qd5 9. Qxd5 cxd5 10. exd6 e6 11. Bb5+ Nc6 12. Bb4 Kd7 13. Nf3 f6 14. c3 a6 15.
Bxc6+ Kxc6 16. a4 a5 17. Ba3 Bxd6 18. Bxd6 Kxd6 19. Kd2 h6 20. h4 Rhc8 21. Ne1
Rg8 22. Nc2 Be4 23. Ne3 Rab8 24. b4 axb4 25. cxb4 g5 26. fxg5 hxg5 27. h5 f5
28. h6 Rg6 29. Rh2 Rh8 30. Rah1 Rh7 31. a5 Rg8 32. Rh5 e5 33. dxe5+ Kxe5 34.
Rc1 f4 35. Nd1 Bxg2 36. Nf2 Kf5 37. b5 Rg6 38. Rg1 Bf3 39. Rh3 g4 40. Rh5+ Rg5
41. Rh4 Rg6 42. Rh5+ Kf6 43. Nd3 Rgxh6 44. Rxh6+ Rxh6 45. Nxf4 Ke5 46. Nd3+ Kd4
47. Nb4 Rh2+ 48. Kc1 Kc5 0-1

[Event "47. Camp. Ital. Squadre A1/2"]
[Site "Folgaria"]
[Date "2015.03.29"]
[Round "5.2"]
[White "Pagnutti, Lorenzo"]
[Black "Gerola, Fausto"]
[Result "0-1"]
[WhiteElo "1938"]
[BlackElo "2149"]
[Annotator "Ippogrifo-Udinese"]
[PlyCount "152"]
[EventDate "2015.03.??"]

1. e4 e5 2. Nf3 Nc6 3. Bc4 Nf6 4. Ng5 Bc5 5. Bxf7+ Ke7 6. Bd5 Rf8 7. O-O h6 8.
Nf3 d6 9. c3 Bg4 10. d4 exd4 11. Bxc6 bxc6 12. cxd4 Bb6 13. e5 dxe5 14. dxe5
Nd5 15. Nbd2 Qe8 16. Qa4 Qg6 17. h3 Rf4 18. Qa3+ Ke6 19. hxg4 Rxg4 20. Nh2
Rxg2+ 21. Kh1 Rxf2 22. Rxf2 Bxf2 23. Qh3+ Qf5 24. Qxf5+ Kxf5 25. Nc4 Ke4 26.
Bd2 Kd3 27. b3 Nb6 28. Nxb6 axb6 29. Be1 Bd4 30. Rd1+ Ke4 31. Bg3 Rxa2 32. e6
Ra8 33. Bxc7 Re8 34. Re1+ Kd5 35. e7 Bf6 36. Bd8 Kd6 37. Ng4 Bxe7 38. Rd1+ $2 (
38. Bxb6) 38... Kc5 39. Rc1+ Kb5 40. Bc7 Bc5 41. Bg3 Bd4 42. Kg2 c5 43. Kf3 Kb4
44. Bf2 Bxf2 45. Kxf2 Re6 46. Rb1 Ka3 47. Ne3 Ka2 48. Rg1 g5 49. Nd5 Kb2 50.
Rg3 Rd6 51. Ne3 b5 52. Ke2 Re6 53. Kd2 Kxb3 54. Kc1 b4 55. Kb1 c4 56. Nc2+ Ka4
57. Rg4 Rc6 58. Kb2 b3 59. Ne3 Kb4 60. Nd5+ Kc5 61. Nc3 Ra6 62. Re4 Rg6 63.
Re5+ Kd4 64. Rd5+ Ke3 65. Nd1+ Ke4 66. Nc3+ Kf3 67. Rf5+ Ke3 68. Re5+ Kf4 69.
Re4+ Kf3 70. Rxc4 g4 71. Nd5 g3 72. Rf4+ Ke2 73. Rh4 Rd6 74. Nc3+ Kf3 75. Rh3
Rd2+ 76. Kxb3 Rh2 0-1

[Event "47. Camp. Ital. Squadre A1/2"]
[Site "Folgaria"]
[Date "2015.03.29"]
[Round "5.3"]
[White "Bonfa', Ileano"]
[Black "Mrdja, Milan"]
[Result "0-1"]
[WhiteElo "2149"]
[BlackElo "2366"]
[Annotator "Canal-Vergani"]
[PlyCount "64"]
[EventDate "2015.03.??"]

1. c4 g6 2. g3 Bg7 3. Bg2 d6 4. Nc3 e5 5. e4 Ne7 6. Nge2 Nbc6 7. d3 Be6 8. Nd5
O-O 9. O-O f5 10. Be3 Qd7 11. Qd2 Rf7 12. f3 Raf8 13. Rac1 b6 14. b4 Nd4 15.
Nxd4 exd4 16. Bg5 Nc6 17. c5 fxe4 18. dxe4 dxc5 19. bxc5 b5 20. f4 h6 21. Bh4
a5 22. a3 Rb8 23. Rfd1 Kh7 24. Qc2 Bh8 25. h3 h5 26. f5 gxf5 27. Nf4 Bc4 28.
exf5 d3 29. Bxc6 Bd4+ 30. Kh2 dxc2 31. Bxd7 cxd1=Q 32. Rxd1 Rxd7 0-1

[Event "47. Camp. Ital. Squadre A1/2"]
[Site "Folgaria"]
[Date "2015.03.29"]
[Round "5.3"]
[White "Frigieri, Fabrizio"]
[Black "Coratella, Giuseppe"]
[Result "1-0"]
[WhiteElo "2187"]
[BlackElo "2221"]
[Annotator "Club 64-Trentina"]
[PlyCount "67"]
[EventDate "2015.03.??"]

1. e4 e6 2. d4 d5 3. Nc3 Nf6 4. Bg5 Be7 5. e5 Nfd7 6. h4 Bxg5 7. hxg5 Qxg5 8.
Rh5 Qe7 9. Qg4 f5 10. Qh3 h6 11. Rxf5 Nf8 12. Rf4 Bd7 13. Bd3 Kd8 14. O-O-O Be8
15. Nf3 Nbd7 16. Ne2 c6 17. c4 Rc8 18. Nd2 Kc7 19. Kb1 Kb8 20. Rc1 g5 21. Rf3
Bg6 22. Bxg6 Nxg6 23. Ra3 Nh4 24. g3 Nf5 25. g4 Nh4 26. Qb3 Rhf8 27. f3 c5 28.
cxd5 cxd4 29. Rxc8+ Rxc8 30. Qa4 Qc5 31. Ne4 Qxd5 32. Nd6 Nc5 33. Qxa7+ Kc7 34.
Ra5 1-0

[Event "47. Camp. Ital. Squadre A1/2"]
[Site "Folgaria"]
[Date "2015.03.29"]
[Round "5.3"]
[White "Tsalughelashvili, Lile"]
[Black "Picco, Ruggero"]
[Result "1-0"]
[WhiteElo "2091"]
[BlackElo "1972"]
[Annotator "Ippogrifo-Udinese"]
[PlyCount "53"]
[EventDate "2015.03.??"]

1. d4 d6 2. Nf3 Nf6 3. c4 g6 4. Nc3 Bg7 5. e4 O-O 6. Be2 e5 7. Be3 Nc6 8. d5
Ne7 9. Nd2 Ne8 10. b4 a5 11. a3 axb4 12. axb4 Rxa1 13. Qxa1 f5 14. f3 Nf6 15.
O-O f4 16. Bf2 g5 17. c5 g4 18. cxd6 cxd6 19. Nc4 gxf3 20. Bxf3 Ng4 21. Bb6 Qd7
22. Qa4 Rf6 23. Qxd7 Bxd7 24. Bd8 Nc8 25. Bxf6 Nxf6 26. Ra1 Kf7 27. b5 1-0

[Event "47. Camp. Ital. Squadre A1/2"]
[Site "Folgaria"]
[Date "2015.03.29"]
[Round "5.4"]
[White "Fantini, Mario"]
[Black "Villa, Flavio"]
[Result "0-1"]
[WhiteElo "1934"]
[BlackElo "2142"]
[Annotator "Ippogrifo-Udinese"]
[PlyCount "104"]
[EventDate "2015.03.??"]

1. d4 d5 2. Nc3 Nf6 3. Bg5 Bf5 4. e3 Nbd7 5. Bd3 Bxd3 6. cxd3 c6 7. Nf3 h6 8.
Bf4 e6 9. O-O Be7 10. Ne5 O-O 11. Qf3 Rc8 12. g4 Nxe5 13. dxe5 Nh7 14. Kg2 g5
15. Bg3 f6 16. Qe2 fxe5 17. Bxe5 Bd6 18. Bg3 Rc7 19. b4 Rcf7 20. Rab1 Bxg3 21.
fxg3 Rxf1 22. Rxf1 Rxf1 23. Qxf1 Qf6 24. Qxf6 Nxf6 25. Kf3 Nd7 26. h3 Kf7 27.
a4 e5 28. a5 Ke6 29. e4 d4 30. Na4 Kd6 31. Ke2 c5 32. bxc5+ Nxc5 33. Nb2 Kc6
34. Nc4 Nd7 35. Kd1 b5 36. axb6 axb6 37. Nd2 Kd6 38. Nf3 Ke6 39. Kc2 Nc5 40.
Nd2 b5 41. h4 Na4 42. hxg5 hxg5 43. Nf3 Kf6 44. Kb3 Nc5+ 45. Kc2 b4 46. Nd2 Ke6
47. Nb3 Kd6 48. Na5 Kd7 49. Nb3 Kc6 50. Na5+ Kb5 51. Nc4 b3+ 52. Kd2 Nxe4+ 0-1

[Event "47. Camp. Ital. Squadre A1/2"]
[Site "Folgaria"]
[Date "2015.03.29"]
[Round "5.4"]
[White "Pangrazzi, Marco"]
[Black "Vincenzi, Marco"]
[Result "1-0"]
[WhiteElo "2237"]
[BlackElo "2089"]
[Annotator "Club 64-Trentina"]
[PlyCount "71"]
[EventDate "2015.03.??"]

1. e4 e5 2. f4 Bc5 3. Nf3 d6 4. c3 Nc6 5. d4 exd4 6. cxd4 Bb4+ 7. Nc3 Nf6 8.
Bd3 d5 9. e5 Ne4 10. Qc2 Bg4 11. Be3 Bxf3 12. gxf3 Qh4+ 13. Ke2 g5 14. Nxe4
dxe4 15. Bxe4 O-O-O 16. Bxc6 bxc6 17. Qxc6 gxf4 18. Bf2 Qe7 19. a3 Bd6 20. Kf1
Qe6 21. exd6 Rxd6 22. Qa8+ Kd7 23. Qxh8 Qh3+ 24. Ke2 Re6+ 25. Qe5 Qf5 26. Rad1
Qc2+ 27. Rd2 Qc4+ 28. Kd1 Qb3+ 29. Kc1 Rxe5 30. dxe5+ Ke6 31. Re1 Qxf3 32. Bxa7
Qb3 33. Bd4 Kf5 34. Bc3 Qb5 35. e6 f3 36. exf7 1-0

[Event "47. Camp. Ital. Squadre A1/2"]
[Site "Folgaria"]
[Date "2015.03.29"]
[Round "5.4"]
[White "Zamengo, Fulvio"]
[Black "Bianchi, Andrea"]
[Result "1-0"]
[WhiteElo "2208"]
[BlackElo "2137"]
[Annotator "Canal-Vergani"]
[PlyCount "59"]
[EventDate "2015.03.??"]

1. e4 d6 2. d4 Nf6 3. Nc3 e5 4. Nf3 Nbd7 5. Bc4 Be7 6. O-O O-O 7. Re1 c6 8. a4
b6 9. b3 a6 10. d5 c5 11. Nd2 g6 12. Nf1 Nh5 13. g3 Bg5 14. Ne3 Ndf6 15. Bf1
Ng7 16. Rb1 h5 17. b4 Ng4 18. Nc4 Bxc1 19. Qxc1 f5 20. f3 Nf6 21. Qg5 Kh7 22.
bxc5 bxc5 23. Rb6 Nge8 24. Bd3 fxe4 25. Bxe4 Rg8 26. Reb1 Qe7 27. Rc6 Rg7 28.
Nb6 Nxe4 29. Qxe7 Rxe7 30. fxe4 1-0